000 00671nam a22002177a 4500
003 BUBTL
008 240325b ||||| |||| 00| 0 eng d
041 _aEnglish
082 _21st ed.
_a341.5845492/ H779p/ 1999
100 _95779
_aHoque, Dr. Quazi Reza -Ul
245 _aPreventive Detention Legislation and Judicial Intervention in Bangladesh/
_bDr. Quazi Reza -Ul Hoque
250 _a1st ed.
260 _aDhaka
_bBishwa Shahittya Bhavan
_cc1999
300 _a[xi], 370 p. :
_bill. ; 21 cm.
500 _aIncludes Index.
526 _aLaw
650 0 _92104
_aLaw
856 _k0
_l0
_yDownload
942 _2ddc
_cBK
999 _c7286
_d7286